| 000 | 00436nam a2200145 a 4500 | ||
|---|---|---|---|
| 001 | 000038620 | ||
| 005 | 20201002031319.0 | ||
| 008 | 130416s1992 dr 000 0 spa d | ||
| 040 |
_aDO-SdBNP _bspa _cBNPHU |
||
| 100 | 1 |
_aToba1, Vinicio _964953 |
|
| 245 | 1 | 0 |
_aFundamentos de derecho administrativo / _cVinicio Tobal. |
| 260 |
_aSanto Domingo : _bAlfa y Omega, _c1992. |
||
| 300 |
_a194 p. ; _c23 cm. |
||
| 504 | _aBibliografía : p. 192-194 | ||
| 999 |
_c38110 _d38110 |
||